[Event "Jastrzebia Gora Fianchetto op"]
[Site "Jastrzebia Gora"]
[Date "2014.??.??"]
[Round "1"]
[White "Piasecki, Stanislaw"]
[Black "Hucz, Alfred"]
[Result "1/2-1/2"]
[WhiteElo "1594"]
[BlackElo "1971"]
[PlyCount "67"]
[EventDate "2014.08.31"]
[EventType "swiss"]
[EventRounds "9"]
[EventCountry "POL"]
[SourceTitle "CBM 162 Extra"]
[Source "ChessBase"]
[SourceDate "2014.10.17"]
[SourceVersion "1"]
[SourceVersionDate "2014.10.17"]
[SourceQuality "1"]

1. d4 Nf6 2. c4 g6 3. Nc3 Bg7 4. Nf3 0-0 5. e4 d6 6. h3 c5 7. d5 e6 8. Bd3 exd5 9. cxd5 Re8 10. 0-0 a6 11. Bg5 Nbd7 12. Re1 b5 13. Rb1 h6 14. Bh4 Ne5 15. Bc2 g5 16. Bg3 Nfd7 17. Nxe5 Bxe5 18. Qh5 Qf6 19. Re3 Kg7 20. Ne2 Qg6 21. Qxg6+ fxg6 22. f4 gxf4 23. Bxf4 Nf6 24. Bxe5 Rxe5 25. Rd1 g5 26. Ng3 Ra7 27. Ree1 Rae7 28. Kf2 Bd7 29. Re2 h5 30. Rde1 h4 31. Nf1 Nh5 32. Nd2 Rf7+ 33. Kg1 Nf4 34. Re3 1/2-1/2

[Event "Jastrzebia Gora Fianchetto op"]
[Site "Jastrzebia Gora"]
[Date "2014.??.??"]
[Round "7"]
[White "Wojtowicz, Mieczyslaw"]
[Black "Hucz, Alfred"]
[Result "1/2-1/2"]
[WhiteElo "1681"]
[BlackElo "1971"]
[PlyCount "37"]
[EventDate "2014.08.31"]
[EventType "swiss"]
[EventRounds "9"]
[EventCountry "POL"]
[SourceTitle "CBM 162 Extra"]
[Source "ChessBase"]
[SourceDate "2014.10.17"]
[SourceVersion "1"]
[SourceVersionDate "2014.10.17"]
[SourceQuality "1"]

1. e4 c5 2. Nf3 d6 3. Bc4 e6 4. 0-0 Nf6 5. Re1 Nc6 6. c3 Be7 7. e5 dxe5 8. Nxe5 Nxe5 9. Rxe5 h6 10. d4 Bd6 11. Re1 cxd4 12. cxd4 Bxh2+ 13. Kf1 Bc7 14. Nc3 a6 15. Be3 b5 16. Bd3 Bb7 17. Rc1 Nd5 18. Bd2 Nxc3 19. bxc3 1/2-1/2

[Event "POL-ch Seniors"]
[Site "Swietochlowice"]
[Date "2008.10.05"]
[Round "8.11"]
[White "Hucz, Alfred"]
[Black "Leks, Maria"]
[Result "1/2-1/2"]
[WhiteElo "2073"]
[BlackElo "1849"]
[PlyCount "54"]
[EventDate "2008.09.30"]
[EventType "swiss"]
[EventRounds "9"]
[EventCountry "POL"]
[SourceTitle "EXT 2023"]
[Source "ChessBase"]
[SourceDate "2022.10.05"]
[SourceVersion "1"]
[SourceVersionDate "2022.10.05"]
[SourceQuality "1"]

1. e4 d5 2. exd5 Qxd5 3. Nc3 Qd6 4. d3 Nf6 5. g3 a6 6. Bg2 Nc6 7. Nge2 Bf5 8. Be3 e5 9. Qd2 Be7 10. Ne4 Nxe4 11. dxe4 Qxd2+ 12. Bxd2 Be6 13. a3 0-0-0 14. Be3 Bc4 15. b3 Bxe2 16. Kxe2 Nd4+ 17. Bxd4 Rxd4 18. a4 Rhd8 19. Rad1 Rxd1 20. Rxd1 Rxd1 21. Kxd1 Kd7 22. Bf1 Bc5 23. f3 Kd6 24. Bc4 f6 25. Bg8 h6 26. Ke2 Bd4 27. g4 Bg1 1/2-1/2

[Event "POL-ch Seniors"]
[Site "Swietochlowice"]
[Date "2008.10.04"]
[Round "6.12"]
[White "Hucz, Alfred"]
[Black "Krzempek, Krystian"]
[Result "1/2-1/2"]
[WhiteElo "2073"]
[BlackElo "1754"]
[PlyCount "44"]
[EventDate "2008.09.30"]
[EventType "swiss"]
[EventRounds "9"]
[EventCountry "POL"]
[SourceTitle "EXT 2023"]
[Source "ChessBase"]
[SourceDate "2022.10.05"]
[SourceVersion "1"]
[SourceVersionDate "2022.10.05"]
[SourceQuality "1"]

1. e4 c6 2. d4 d5 3. exd5 cxd5 4. c4 Nf6 5. Nc3 e6 6. Nf3 Be7 7. cxd5 Nxd5 8. Bb5+ Bd7 9. Bxd7+ Nxd7 10. 0-0 0-0 11. Nxd5 exd5 12. b3 Bf6 13. Qd3 Re8 14. Qb5 Nb6 15. Be3 Qd7 16. Qxd7 Nxd7 17. Rac1 Rac8 18. h3 g6 19. Rfd1 b6 20. Kf1 Nf8 21. Rxc8 Rxc8 22. Rc1 Rxc1+ 1/2-1/2

[Event "Rowy Seniors op 7th"]
[Site "Rowy"]
[Date "2003.09.02"]
[Round "3"]
[White "Lipski, Tadeusz"]
[Black "Hucz, Alfred"]
[Result "1-0"]
[WhiteElo "2207"]
[BlackElo "2075"]
[PlyCount "57"]
[EventDate "2003.08.??"]
[EventType "swiss"]
[EventRounds "9"]
[EventCountry "POL"]
[SourceTitle "EXT 2006"]
[Source "ChessBase"]
[SourceDate "2005.11.24"]
[SourceVersion "1"]
[SourceVersionDate "2005.11.24"]
[SourceQuality "1"]

1. e4 c5 2. Nf3 d6 3. d4 cxd4 4. Nxd4 Nf6 5. Nc3 a6 6. g3 g6 7. Bg2 Bg7 8. 0-0 0-0 9. h3 Qc7 10. Be3 Nbd7 11. Qe2 Ne5 12. Rad1 Bd7 13. f4 Nc4 14. Bc1 Rac8 15. g4 e5 16. Nb3 b5 17. g5 Nh5 18. Nd5 Qd8 19. f5 Re8 20. Kh2 Bc6 21. Bf3 Nf4 22. Nxf4 exf4 23. f6 Bf8 24. c3 Bxe4 25. Bxe4 d5 26. Bxf4 Rxe4 27. Qxe4 dxe4 28. Rxd8 Rxd8 29. Rf2 1-0